| 000 | 00455nam a2200169 i 4500 | ||
|---|---|---|---|
| 001 | 98119 | ||
| 003 | ES-MaACL | ||
| 005 | 20230906182223.0 | ||
| 007 | t| | ||
| 008 | 050726s1930 zzz ||||1| spa d | ||
| 100 | 1 |
_aMarrero, Miguel Jorge. _977069 |
|
| 245 | 1 | 0 |
_aUna sentencia de Juan EspaƱol / _cMiguel Jorge Marrero. |
| 260 |
_a[s.l. : _bs.n.], _c1930. |
||
| 300 |
_a26 p. ; _c21 cm. |
||
| 852 |
_aES-MaACL _j1751-F-8 |
||
| 852 |
_aES-MaACL _j1756-F-23 |
||
| 999 |
_c98119 _d98119 |
||